| Tag |
First Indicator |
Second Indicator |
Subfields |
| LEADER |
00000pam a2200000 a 4500 |
| 001 |
in00000084839 |
| 005 |
20151008054405.0 |
| 008 |
810909s1981 nyu 00110ceng |
| 010 |
|
|
|a 81014527
|
| 020 |
|
|
|a 0812909801
|
| 035 |
|
|
|a (OCoLC)07812017
|
| 035 |
|
|
|9 AAJ0519AM
|
| 040 |
|
|
|a DLC
|c DLC
|d TXA
|d UtOrBLW
|
| 043 |
|
|
|a n-us---
|a a-ir---
|
| 049 |
|
|
|a TXAM
|c [1361345]
|
| 050 |
0 |
0 |
|a E183.8.I55
|b N55 1981
|
| 082 |
0 |
|
|a 955/.054
|2 19
|
| 100 |
1 |
|
|a McFadden, Robert D.
|
| 245 |
1 |
0 |
|a No hiding place :
|b the New York times inside report on the hostage crisis /
|c Robert D. McFadden, Joseph B. Treaster, and Maurice Carroll ; with [contributions by] Lawrence K. Altman [and others] ; introduction by A.M. Rosenthal.
|
| 264 |
|
1 |
|a New York :
|b Times Books,
|c [1981]
|
| 264 |
|
4 |
|c ©1981
|
| 300 |
|
|
|a xvii, 314 pages ;
|c 24 cm.
|
| 336 |
|
|
|a text
|b txt
|2 rdacontent
|
| 337 |
|
|
|a unmediated
|b n
|2 rdamedia
|
| 338 |
|
|
|a volume
|b nc
|2 rdacarrier
|
| 500 |
|
|
|a Includes index.
|
| 650 |
|
0 |
|a Iran Hostage Crisis, 1979-1981
|x Personal narratives.
|
| 650 |
|
0 |
|a Iran Hostage Crisis, 1979-1981.
|
| 700 |
1 |
|
|a Treaster, Joseph B.
|
| 700 |
1 |
|
|a Carroll, Maurice C.
|
| 999 |
|
|
|a MARS
|
| 999 |
f |
f |
|s 4717e2c0-b484-33fd-b5fe-b4f3bfefe2af
|i 77ddd756-87e8-35b9-a5c4-edff28c14d6e
|t 0
|
| 952 |
f |
f |
|p ric
|a Texas A&M University
|b Rellis Campus
|c Joint Library Facility
|d Remote Storage
|t 0
|e E183.8.I55 N55 1981
|h Library of Congress classification
|i unmediated -- volume
|m A14806105499
|
| 998 |
f |
f |
|a E183.8.I55 N55 1981
|t 0
|l Remote Storage
|